| 000 | 01001cam a2200289 a 4500 | ||
|---|---|---|---|
| 001 | 3449828 | ||
| 003 | OSt | ||
| 005 | 20211214161124.0 | ||
| 008 | 920601s1993 maua b 001 0 eng | ||
| 010 | _a 92020516 | ||
| 020 | _a0205142249 | ||
| 040 |
_aDLC _cHU _dDLC |
||
| 050 | 0 | 0 |
_aLB1028 _b.B4 1993 |
| 082 | 0 | 0 |
_a370/.78 _220 |
| 100 | 1 |
_aBest, John W. _922975 |
|
| 245 | 1 | 0 |
_aResearch in education / _cJohn W. Best, James V. Kahn. |
| 250 | _a7th ed. | ||
| 260 |
_aBoston : _bAllyn and Bacon, _cc1993. |
||
| 300 |
_axii, 435 p. : _bill. ; _c25 cm. |
||
| 500 | _aAppendices (p. 389-411) include statistical tables and answers to exercises. | ||
| 504 | _aIncludes bibliographical references (p. 413-423) and indexes. | ||
| 650 | 0 |
_aEducation _xResearch. _922963 |
|
| 700 | 1 |
_aKahn, James V., _d1948- _922976 |
|
| 906 |
_a7 _bcbc _corignew _d1 _eocip _f19 _gy-gencatlg |
||
| 942 |
_2ddc _cBOOKS _n0 |
||
| 999 |
_c22561 _d22561 |
||